00467 2200205 4500001002100000005001500021035002000036007000300056008004100059020001500100082000800115084001400123100001300137245002600150260004100176856001700217990000900234990000900243990000900252INLIS00000000000094820220913072142 a0010-0922000229ta220913 g 0 ind  a9792671307 a500 a500 WAH s0 aWahyudin1 aSains dan teknologi 1 aJakarta :bArmandelta selaras,c2009 aKoleksi Umum a1729 a1730 a1731